Ismos

Uloženo v:
Podrobná bibliografie
Hlavní autor: Gómez de la Serna, Ramón (Autor)
Médium: Kniha
Jazyk:španělština
Vydáno: Madrid Guadarrama 1975
Edice:Colección Universitaria de Bolsillo. Sección Literatura Moderna, 197
Témata:
Tagy: Přidat tag
Žádné tagy, Buďte první, kdo vytvoří štítek k tomuto záznamu!

MARC

LEADER 00000nam a2200000 a 4500
001 UCT6530
003 CL-VaPUC
008 970113e19750000SP |||||||||||||||||spa|d
082 0 4 |a 864  |b GOM  |2 21 
100 0 |a Gómez de la Serna, Ramón  |e author  |9 344182 
245 1 0 |a Ismos 
300 |a 386 p 
942 |c BK 
945 |d 19970113 00:00:00  |a nastorga 
260 |a Madrid  |b Guadarrama  |c 1975 
650 0 |a Ensayos españoles  |9 313128 
583 |a last modification  |c 19970113 00:00:00  |k Rodrigo Vera 
490 0 |a Colección Universitaria de Bolsillo. Sección Literatura Moderna, 197 
999 |c 255221  |d 255219 
952 |0 0  |1 0  |4 0  |6 864_000000000000000_GOM_1975  |7 0  |8 A  |9 277358  |a BIBEDU  |b BIBEDU  |d 2019-11-19  |i 3268276  |o 864 GOM 1975  |p 3268276  |r 2019-11-19  |w 2019-11-19  |y BK  |k LIT